000 00707nam a22002417a 4500
001 84752
003 UA-OsUOA
005 20210504224418.0
007 ta
008 20120608b un ||||| |||| 00| 0 ukr d
040 _aUA-OsUOA
_bukr
_cUA-OsUOA
_dUA-OsUOA
041 _aukr
080 _a94(477).09
090 _a94(477).09
_bП32
100 _aПігідо-Правобережний Ф.
245 _aВелика вітчизняна війна
260 _aВінніпег
_c1954
300 _a229 с.
650 7 _a9 Географія. Біографії. Історія
_2UDC
942 _cBK
_2udc
955 _a4
999 _c371062
_d371062